| 000 | 00471nam a2200181 a 4500 | ||
|---|---|---|---|
| 001 | 00140 | ||
| 003 | CO-ViMGA | ||
| 008 | 141112s2004 ck r 000 u spa d | ||
| 040 |
_aCO-ViMGA _bspa _cCO-ViMGA |
||
| 082 | 0 | 4 | _a616.8917 F738i |
| 100 | 1 |
_aFreud, Sigmund _912453 |
|
| 245 | 1 | 0 | _aIntroducción al psicoanálisis |
| 260 |
_aMadrid : _bAlianza, _c1996 |
||
| 300 | _a486 p | ||
| 490 | _aEl libro de bolsillo, 82 | ||
| 650 | 1 | 4 |
_aPSICOANALISIS _910584 |
| 942 |
_2ddc _cBK |
||
| 999 |
_c14830 _d14830 |
||